| Tag |
First Indicator |
Second Indicator |
Subfields |
| LEADER |
00000pam a2200000 a 4500 |
| 001 |
in00001613708 |
| 005 |
20151023054120.0 |
| 008 |
010404s2001 nyuab b 001 0 eng |
| 010 |
|
|
|a 2001035122
|
| 020 |
|
|
|a 0786708581
|
| 035 |
|
|
|a (OCoLC)ocm46713277
|
| 040 |
|
|
|a DLC
|c DLC
|d YDX
|d UtOrBLW
|
| 043 |
|
|
|a n-us---
|a a-cb---
|
| 049 |
|
|
|a TXAM
|
| 050 |
0 |
0 |
|a E865
|b .W48 2001
|
| 082 |
0 |
0 |
|a 959.704/3
|2 21
|
| 100 |
1 |
|
|a Wetterhahn, Ralph,
|d 1942-
|
| 245 |
1 |
4 |
|a The last battle :
|b the Mayaguez incident and the end of the Vietnam war /
|c Ralph Wetterhahn.
|
| 250 |
|
|
|a 1st Carroll & Graf ed.
|
| 264 |
|
1 |
|a New York :
|b Carroll & Graf Publishers,
|c 2001.
|
| 300 |
|
|
|a ix, 384 pages :
|b illustrations, maps ;
|c 25 cm.
|
| 336 |
|
|
|a text
|b txt
|2 rdacontent
|
| 337 |
|
|
|a unmediated
|b n
|2 rdamedia
|
| 338 |
|
|
|a volume
|b nc
|2 rdacarrier
|
| 504 |
|
|
|a Includes bibliographical references (pages [341]-374) and index.
|
| 650 |
|
0 |
|a Mayagüez Incident, 1975.
|
| 650 |
|
0 |
|a Vietnam War, 1961-1975
|z Cambodia.
|
| 610 |
2 |
0 |
|a Mayagüez (Ship)
|
| 945 |
|
|
|i PromptCat
|
| 948 |
|
|
|a cataloged
|b h
|c 2001/6/11
|d c
|e mphillip
|f 4:48:00 pm
|
| 994 |
|
|
|a 92
|b TXA
|
| 999 |
|
|
|a MARS
|
| 999 |
f |
f |
|s 438dfa87-9c69-32d0-8a80-461dff621184
|i 622fe9a2-4540-378e-b3ed-2035f5b4efd8
|t 0
|
| 952 |
f |
f |
|p normal
|a Texas A&M University
|b College Station
|c Sterling C. Evans Library
|d Evans: Library Stacks
|t 0
|e E865 .W48 2001
|h Library of Congress classification
|i unmediated -- volume
|m A14827703359
|
| 998 |
f |
f |
|a E865 .W48 2001
|t 0
|l Evans: Library Stacks
|